[Event "Rilton Cup 34th"]
[Site "Stockholm"]
[Date "2004.12.30"]
[Round "4"]
[White "Handke, Florian"]
[Black "Poley, Vladimir"]
[Result "1-0"]
[WhiteElo "2467"]
[BlackElo "2402"]
[Annotator "Aagaard,J"]
[PlyCount "59"]
[EventDate "2004.12.27"]
[EventType "swiss"]
[EventRounds "9"]
[EventCountry "SWE"]
[SourceTitle "CBM 104 Extra"]
[Source "ChessBase"]
[SourceDate "2005.03.01"]
[SourceVersion "1"]
[SourceVersionDate "2005.03.01"]
[SourceQuality "1"]

1. d4 b5 2. e4 a6 {This opening is the craddle of Black's original problems.}
3. Nf3 Bb7 4. Bd3 Nf6 (4... e6 {followed by ...c5 is probably sounder.}) 5. e5
Nd5 6. Ng5 $1 {A nice move.} e6 7. Qf3 (7. Nxh7 Qh4 8. Nxf8 Rxf8 {is not
entirely clear.}) 7... Qe7 $2 ({This loses a pawn for nothing. After} 7... f5 {
there are some tactics:} 8. exf6 Qxf6 9. Bxh7 Bb4+ 10. c3 Qxf3 11. Bg6+ Kf8 12.
Nxf3 Ne7 13. Bd3 Bxf3 14. gxf3 Bd6 15. h4 {and White has an extra pawn, but
also a wrecked pawn structure.}) 8. Nxh7 $1 {Why not.} Nc6 9. c3 O-O-O $5 10.
Bg5 $2 (10. Qe2 {followed by Nxf8 is just a pawn up.}) 10... f6 11. exf6 Nxf6
$2 (11... gxf6 $1 {would give Black enough counterplay.} 12. Nxf6 Bh6 $1 13.
Bxh6 Nxf6 14. Bg5 Nb4 $1 15. Qg3 Nxd3+ 16. Qxd3 Rdg8 {and I prefer the Black
pieces.}) 12. Nxf6 Nxd4 $2 {This should lose instantly.} (12... Ne5 $5 13.
Qxb7+ Kxb7 14. dxe5 Rh5 15. h4 Rxg5 16. hxg5 gxf6 17. gxf6 Qc5 18. Be4+ Kb8 19.
Rh5 {and White looks better, though the position is not completely clear.}) 13.
Qxb7+ $4 {It is tempting to sacrifice the queen, of course, but it is
definitely not good. Now the position becomes unclear again.} (13. Qf4 $1 Bxg2
14. Qxd4 Bxh1 15. Ne4 $18) 13... Kxb7 14. Ne4 Qf7 ({Why not flick in a check?} 
14... Nf3+ $1 15. gxf3 Qf7 {followed by ...Be7 with chances for both sides.})
15. cxd4 Re8 16. Nc5+ Kb6 $5 {Seems reckless. Safer was} (16... Kc8 {based in}
17. Nxa6 e5 $1 {However this push will come no matter what, so White's
advantage is not that great. Best is 17.Nd2 to prepare for queenside castling.}
) 17. b4 $6 {Too slow. White should not care for a pawn, but instead go for
the Black king with} (17. O-O e5 18. a4 exd4 19. b4 {with an attack, though
nothing is clear.}) 17... e5 18. d5 (18. dxe5 Rxe5+ 19. Be3 Bxc5 20. bxc5+ Kc6
{with unclear chances was better.}) 18... Qxd5 $6 {This opens up for the White
bishops. Better was} (18... e4 $1 19. Bc2 Qxd5 20. Be3 Bxc5 21. bxc5+ Kb7 {
with chances for both sides.}) 19. Be4 Qd4 20. O-O $1 {Maybe Black overlooked
this?} Bxc5 $2 {Now White once again gets time to create a serious initiative,
and this time he does not fail. Better was 20...d5 or} (20... Qxa1 $5 21. Be3
Ka7 22. Nb3+ Qd4 {and the endgame is only a little worse for Black.}) 21. bxc5+
Ka7 22. Nd2 Kb8 (22... Qa4 {was potentially better, but eventually the White
pieces will get coordinated and the Black king will be unable to survive the
attack.}) 23. a4 Qxc5 (23... b4 {looks as if the queen is trapped after} 24.
Be3 Qb2 25. Rfb1 Qc3 26. Rc1 Qb2 {but maybe this is not the case. Instead
White can use it to get rid of his own obstructive a-pawn and win easily that
way:} 27. Rab1 Qa3 28. Nc4 Qxa4 29. Ra1 Qb3 30. Rxa6 c6 31. Rca1 {and Black is
mated.}) 24. Be3 Qe7 25. axb5 {Now it is all over.} Rxh2 26. Kxh2 Rh8+ 27. Kg1
Qh4 28. f3 Qh2+ 29. Kf2 Qh4+ 30. Ke2 1-0

[Event "Zanic Memorial"]
[Site "Stara Pazova"]
[Date "2001.03.17"]
[Round "9"]
[White "Pap, Misa"]
[Black "Jeremic, Veljko"]
[Result "0-1"]
[WhiteElo "2405"]
[BlackElo "2334"]
[Annotator "Atlas,V"]
[PlyCount "56"]
[EventDate "2001.03.09"]
[EventType "tourn"]
[EventRounds "11"]
[EventCountry "YUG"]
[EventCategory "8"]
[SourceTitle "CBM 082"]
[Source "ChessBase"]
[SourceDate "2001.05.17"]
[SourceVersion "1"]
[SourceVersionDate "2001.05.17"]
[SourceQuality "1"]

1. e4 c5 2. c3 e6 3. d4 b6 4. Nf3 Bb7 5. Bd3 Nf6 6. e5 Ng8 7. O-O Be7 8. Nbd2
f5 9. dxc5 bxc5 10. Nc4 Nh6 11. Be2 Nf7 12. Nd6+ Bxd6 13. exd6 Qb6 14. Bf4 Ba6
15. Rb1 O-O 16. Re1 Nc6 17. b4 Bxe2 18. Rxe2 cxb4 19. cxb4 Rfc8 20. h4 a5 21.
Be3 Qb7 22. bxa5 Qa6 23. Rb6 Qxa5 24. Rb7 Nce5 25. Nxe5 Nxe5 {A dubious
decision, allowing Black to centralize his queen and achieve a perfect
interaction between his pieces.} 26. Bd4 $2 ({A dubious decision, allowing
Black to centralize his queen and achieve a perfect interaction between his
pieces.} 26. Bf4 {was a better choice here.}) 26... Qd5 $1 27. Rb3 Ng4 28. f3
$2 ({A final mistake. White obviously does not feel the danger. Essential was} 
28. Rd3 Qxd6 (28... Rxa2 29. Rxa2 Qxa2 30. f3) 29. g3) {[%tqu "En","How would
you conclude Black's attack here?","White's king may have serious problems
with the back rank.","Try to deflect White's queen from the back rank.","d5d4",
"Correct, this simple and elegant sacrifice wins immediately.",3]} 28... Qxd4+
{[%csl Rd1,Rg1][%cal Gc8c1,Gc1g1,Gg4f2,Gg4h2]} ({And White resigned in view of
} 28... Qxd4+ 29. Qxd4 Rc1+) 0-1

[Event "Portoroz op"]
[Site "Portoroz"]
[Date "1996.??.??"]
[Round "?"]
[White "Beliavsky, Alexander G"]
[Black "Mestrovic, Zvonimir"]
[Result "1-0"]
[WhiteElo "2615"]
[BlackElo "2470"]
[Annotator "Beliavsky,A"]
[PlyCount "49"]
[EventDate "1996.03.??"]
[EventType "swiss"]
[EventRounds "9"]
[EventCountry "SLO"]
[SourceTitle "CBM 051 Extra"]
[Source "ChessBase"]
[SourceDate "1996.05.01"]
[SourceVersion "1"]
[SourceVersionDate "1996.05.01"]
[SourceQuality "1"]

1. d4 Nc6 2. e4 e5 3. dxe5 Nxe5 4. Nf3 Nxf3+ 5. Qxf3 Qf6 6. Qg3 Bc5 7. Nc3 Ne7
8. Bd3 d6 9. Nb5 (9. O-O Qg6 10. Qh4 Qg4) 9... Bb6 10. Be3 O-O (10... Ba5+ 11.
c3 a6 12. Bd4 Qg6 13. Na3 $16) 11. Bxb6 axb6 12. Nxc7 Ra5 13. O-O Rg5 (13...
Bd7 $5) 14. Qe3 Rh5 15. Nb5 Re8 (15... Qxb2 16. c3) 16. Qd4 Qg5 (16... Qh4 17.
Qxd6) 17. Qxd6 Ng6 18. Qg3 Nf4 19. Nd6 Rd8 (19... Qh6 20. Nxe8 Rg5 21. Qxf4
Rxg2+ 22. Kxg2 Qxf4 23. Rg1 Qe5 24. Nxg7 Kxg7 25. Kh1+ Kf8 26. c3 $16) 20. Nxc8
Qe5 21. Ne7+ Kf8 22. Nd5 Rxd5 23. exd5 Rg5 24. Rfe1 $18 Qf6 25. Bb5 1-0

[Event "NOR-chT Elite 1920"]
[Site "Norway"]
[Date "2020.01.19"]
[Round "6.2"]
[White "Berg, Emanuel"]
[Black "Djurhuus, Rune"]
[Result "1/2-1/2"]
[WhiteElo "2544"]
[BlackElo "2460"]
[Annotator "Berg,Emanuel"]
[PlyCount "138"]
[EventDate "2019.11.01"]
[EventType "team-tourn"]
[EventRounds "9"]
[EventCountry "NOR"]
[SourceTitle "CBM 195 Extra"]
[Source "ChessBase"]
[SourceDate "2020.05.31"]
[SourceVersion "1"]
[SourceVersionDate "2020.05.31"]
[SourceQuality "1"]
[WhiteTeam "OSS"]
[BlackTeam "Nordstrand"]
[WhiteTeamCountry "NOR"]
[BlackTeamCountry "NOR"]

1. e4 Nc6 {[%cal Yb8c6] A very unusual first move which, however, often
transposes into well known openings. Since my opponent had tried this a few
times before I was not totally surprised, although I had mostly prepared
against the French Defence.} 2. d4 d5 3. e5 {This was the move I had prepared.
White secures some space advantage, but Black has a solid position.} ({Other
alternatives include} 3. Nc3 {and}) (3. exd5 {which leads to a pretty good
Scandinavian for Black after} Qxd5 4. Nf3 Bg4 {with an active game.}) 3... Bf5
4. Nf3 e6 5. Bb5 Nge7 6. Ba4 a6 7. c3 b5 8. Bc2 {This position was one of the
lines I had checked the evening before the game. However, when facing the same
over the board I was far from confident. From a positional point of view Black
has now been able to reach a French-like position where his "bad" bishop will
now be exchanged for White's "good bishop".} Bxc2 9. Qxc2 Nf5 10. O-O {A very
logical move but also a bit critical since now Black might launch a pawn storm
on the kingside which might not be so easy to parry in a practical game.} h5 {
This is a positional move securing the knight's outpost on f5, but can also be
the start of an upcoming pawn storm intending ...Be7 and ...g5 later on.} 11.
Re1 {Preparing for Nbd2-f1 while also keeping an eye along the e-file.} ({
Worth considering was the more direct approach} 11. Bg5 {when after} Be7 ({
The ambitious} 11... f6 $1 {leads to a double-edged position following} 12.
exf6 gxf6 13. Re1 Kf7 {when Black is forced to party with his king. However,
Black's position looks quite harmonic and simple to play.}) 12. Bxe7 Qxe7 13.
Nbd2 g5 14. Ne1 g4 15. Nd3 $14 {White is to be preferred.}) (11. Nbd2 {was
another option but I was slightly worried about} g5 {However, this seems to
lead to a favorable position for White following} 12. Nb3 Be7 ({or} 12... g4
13. Bg5 $1) 13. a4 $14 {White now has an initiative on the queenside while
Black's pawn storm is more of an empty threat.}) 11... Be7 12. a4 $6 {During
the game I was much too concerned about ...g5 coming up and did all I could to
occupy Black on the queenside in order to prevent that advance.} ({However,
the simple developing move} 12. Nbd2 {would have been better when after} g5 {
White can simply play} 13. Rd1 $1 {leaving a square for the knight on e1. It's
very important for White to keep his pawns in front of his king intact while
the manoeuvre Ne1-d3 is a good way of activating the knight on f3. The other
knight can now head for f1 where it will become an excellent defender.}) 12...
b4 13. a5 (13. Nbd2 {would still be the better option.}) 13... bxc3 $6 {
This move releases the tension and simplifies for White.} (13... Rb8 $1 {
would be more challenging.}) 14. bxc3 Rb8 15. Nbd2 Rb5 {Black is going for the
a5-pawn. However, White will gladly give it in exchange for activity.} 16. Ba3
$1 Nxa5 $6 {It would have been wiser to leave this pawn alone. Now White's
activity provides him with an advantage.} (16... Bxa3 17. Rxa3 O-O {would have
led to a equal position.}) 17. Bxe7 ({The immediate} 17. Reb1 $1 $14 {is even
stronger ruling out some options for Black.}) 17... Qxe7 $2 (17... Nxe7 {
was better when after} 18. Reb1 c5 (18... c6 19. Qa4 $16) 19. Rxb5 axb5 20.
dxc5 {White is still on top but the advantage is much less than in the game.})
18. Reb1 $1 {This move forces Black to give back the pawn ending up in a very
passive position.} Rxb1+ 19. Qxb1 Nc6 20. Rxa6 Nd8 21. Qb5+ (21. Nb3 O-O 22.
Nc5 $16) 21... Qd7 22. Qa5 O-O 23. Ra7 Nc6 {The best chance to fight for a
draw, liquidating material into a rook and knights endgame.} 24. Qxc7 Qxc7 25.
Rxc7 Nce7 26. g3 Rc8 {Black decides to force the game into a pure double
knights endgame which is clearly worse for him but not at all easy to win for
White. One serious issue is that two knights cannot checkmate the the king.}
27. Rxc8+ Nxc8 28. Kf1 {The king is approaching the center and also getting
ready to support the backward c-pawn when necessary.} Kf8 29. Nb3 Nb6 30. Nc5
Ke7 31. Ke2 Nc4 32. Nd3 g6 33. Nf4 Nh6 {Black goes for a sit and wait strategy
checking if White can come up with any active plan.} 34. Ng5 Nf5 35. Kd3 Na3
36. Nh7 Nc4 37. Nf6 {Suddenly White is very active and now even threatens some
tactics with Nxd5+.} Nb6 38. f3 {White prepares to advance the pawns on the
kingside looking for to get a passed h-pawn.} Nd7 {The knight on f6 is very
strong so Black tries to exchange it. However, this simplification favours
White as with only one pair of knights on the board things are easier to
control.} 39. g4 $5 {An in-between move waiting with the decision about the
knight exchange.} (39. Nxd7 Kxd7 40. Nh3 {intending Ng5-h7-f6 was another good
continuation.}) 39... hxg4 40. fxg4 Nh6 {This is far too passive.} (40... Nh4 {
would have been better.}) 41. N4xd5+ $2 {Having the time control done and some
extra time on the clock, I after some thought decided to go for an interesting
knight sacrifice thinking that the winning chances would be very good for me,
not the least with Black's misplaced knight on h6.} ({However, the
straightforward continuation} 41. Nxd7 Kxd7 42. h3 $16 {[%csl Gh3,Rh6][%cal
Gc3c4] looks simply won for White with the c4-break in mind. There might follow
} Ng8 43. c4 dxc4+ 44. Kxc4 Ne7 (44... Kc6 45. d5+ exd5+ 46. Nxd5 {is winning
due to the domination of the knight on g8 who no longer has a way out. Now
after} Kd7 {the most straightforward way to victory is} 47. Nf6+ Nxf6 (47...
Ke6 48. Nxg8 Kxe5 49. Nh6 f6 (49... f5 50. Nxf5 gxf5 51. g5 $18) 50. Kd3 Kf4
51. h4 Kg3 52. Ke3 Kxh4 53. Kf4 Kh3 54. Ng8 $18) 48. exf6 Ke6 49. g5 Kf5 50. h4
Kg4 51. Kd5 Kxh4 52. Kd6 Kxg5 53. Ke7 $18) 45. Kc5 $18 {White's domination
should eventually lead to victory although Black is still in the game.}) 41...
exd5 42. Nxd5+ Ke6 43. Nf4+ Ke7 44. Nd5+ Ke6 45. Nf4+ Ke7 46. h3 g5 47. Nd5+
Ke6 48. Nc7+ Ke7 49. Nd5+ Ke6 50. Ke4 f6 $1 {Black is now getting his knight
on h6 into the game.} 51. Nc7+ Ke7 52. Nd5+ Ke6 53. Nxf6 $6 (53. exf6 {would
maintain better winning chances intending} Nf7 54. Nc7+ Kxf6 (54... Kd6 $4 {
might end up in a pretty mate after} 55. Ne8+ Ke6 56. d5#) 55. c4 Nd6+ 56. Kd5
$16) 53... Nxf6+ 54. exf6 Nf7 $1 {It's important to wait with the capture on
f6 in order to keep White's king passive.} (54... Kxf6 55. Kd5 $1 {is most
likely winning for White.}) 55. d5+ Kxf6 56. c4 Nd6+ 57. Kd4 Ne8 58. c5 (58.
Kc5 Ke5 59. Kc6 Nf6 60. Kc7 (60. d6 Ke6 61. c5 Nd7 62. Kb5 Ne5 63. Kb6 Kd7 $11)
60... Ne8+ 61. Kd7 Nf6+ 62. Ke7 Ne4 63. Kf7 Nd2 64. Kg6 Ne4) 58... Ng7 59. Ke4
Ne8 $8 {The only drawing move but still fully sufficient.} 60. Kd4 Ng7 61. Ke4
Ne8 62. d6 Ke6 63. Kf3 Nf6 64. h4 {Liquidating to a draw not to risk going to
far in the winning attempts.} gxh4 65. g5 Nd7 66. Kg4 Nxc5 67. Kxh4 Kxd6 68. g6
Ne6 69. g7 Nxg7 1/2-1/2

[Event "Linares zt"]
[Site "Linares"]
[Date "1995.??.??"]
[Round "1"]
[White "David, Alberto"]
[Black "Miles, Anthony John"]
[Result "0-1"]
[WhiteElo "2465"]
[BlackElo "2600"]
[Annotator "Blatny,P"]
[PlyCount "56"]
[EventDate "1995.11.??"]
[EventType "swiss"]
[EventRounds "11"]
[EventCountry "ESP"]
[SourceTitle "CBM 051"]
[Source "ChessBase"]
[SourceDate "1996.04.01"]
[SourceVersion "1"]
[SourceVersionDate "1996.04.01"]
[SourceQuality "1"]

1. e4 {Johnson} Nc6 2. Nc3 e6 3. d4 Bb4 4. Nf3 (4. a3 Bxc3+ 5. bxc3 d6 6. Qg4
Qf6 7. Qg3 Qg6 8. Qxg6 hxg6 9. f4 b6 10. Nf3 Bb7 11. Bd3 Na5 12. O-O c5 $132 {
Angqvist,T-Hjelm,N/Stockholm/1992/}) (4. Nge2 d5 (4... d6 5. a3 Bxc3+ 6. Nxc3
e5 7. d5 Nce7 8. Bd3 Ng6 9. Qf3 Bd7 10. g3 N8e7 11. h4 h5 12. Be3 $14 {Osborne,
D-Kemp,P/BCF-ch/1987/}) 5. e5 h5 6. Nf4 g6 7. Be3 Bxc3+ 8. bxc3 Na5 9. Bd3 Ne7
10. Nh3 c5 11. Bg5 c4 12. Be2 Nac6 13. Bf6 $14 {Kmoch,H-Nimzowitsch,A/Bad
Niendorf/1927/}) 4... d6 5. Bd2 (5. Bb5 Bd7 (5... a6 6. Be2 Nge7 7. Qd3 O-O 8.
a3 Ba5 9. O-O e5 10. d5 Nb8 11. Nd2 Nd7 12. b4 Bb6 13. Bg4 Bd4 14. Nb3 Ba7 15.
Na4 $6 Qe8 16. Nc3 f5 $1 $36 {Stertenbrink,G-Dausch,R/BL 8384 (1984)/1984/}) 6.
O-O Bxc3 7. bxc3 Nge7 8. Rb1 O-O 9. Ba3 Re8 10. c4 Na5 11. Qd3 a6 12. Bxd7 Qxd7
13. Bb4 Nac6 14. Bc3 Nd8 15. Rfe1 b6 16. Re3 Ng6 17. g3 f6 18. h4 $14 {Stanec,
N-Kummer,H/Donau op (03)/1992/}) 5... Nge7 6. a3 (6. Bd3 O-O 7. O-O $14) 6...
Ba5 (6... Bxc3 7. Bxc3 {ץc8}) 7. Bd3 O-O (7... Bd7 8. b4 Bb6 9. Ne2 Ng6 10. h4
h5 11. c4 $16 {[+]}) 8. O-O (8. b4 Bb6 9. Ne2 e5 {/\Bg4}) 8... Ng6 (8... e5 9.
d5 Nd4 10. Nxd4 exd4 11. Ne2 Bb6 $14) 9. h3 {/\:e5,Bg4} Bb6 10. Ne2 (10. d5
exd5 11. exd5 Nce5 $15) 10... Nh4 (10... e5 11. d5 Nce7 {/\f5}) 11. Nxh4 Qxh4
12. Be3 (12. c3 e5) 12... e5 13. c3 f5 $1 (13... Bd7 14. Qd2) 14. exf5 Bxf5 15.
Bxf5 (15. Bc4+ Kh8 $15) 15... Rxf5 16. Qd2 (16. Ng3 Rf7 $36) (16. dxe5 Rxe5 (
16... Bxe3 17. Qb3+ Kh8 18. fxe3 $14) 17. Bxb6 axb6 $10) 16... exd4 17. cxd4 (
17. Nxd4 Nxd4 18. Bxd4 Bxd4 19. cxd4 Raf8 $15 {_|_}) 17... Raf8 18. Rad1 (18.
d5 Ne7 19. Bxb6 axb6 20. Nc3 $15) 18... Kh8 19. Rfe1 (19. f4 Ne7 $15) 19... h6
20. f3 (20. Kh2) 20... d5 21. Bf2 Qd8 (21... Qg5 22. Qxg5 Rxg5 23. Kh2 $10) 22.
Nc1 (22. Ng3 Rf4 23. Ne2 R4f7 $15) 22... Qf6 23. Re2 Rg5 $1 {בf,g  Johnson:
Black had applied maximum pressure on the f-file but no decisive combination
is in sight. Miles manoevres well, switching the pressure from one point to
another} 24. Kh1 (24. Be3 $142 Rg6 $40) 24... Qg6 25. Bg1 Qh5 26. Qe1 $2 {
Johnson:White cracks under the pressure;26.Rde1 or 26.Rdf1 would still leave
black with the problem of how to break through} (26. Be3 Rg3 27. Nd3 Nxd4 28.
Bxd4 Rxh3+ 29. gxh3 Qxh3+ 30. Rh2 $1 (30. Kg1 $2 Bxd4+ 31. Nf2 Qg3+ 32. Kf1
Qxf3 33. Kg1 Qg3+ 34. Kf1 Qh2 $19) 30... Qxf3+ 31. Rg2 Qh5+ (31... Qh3+ 32. Kg1
Bxd4+ 33. Nf2 Rxf2 34. Rxf2 Be3 35. Qe2 $16) 32. Kg1 Bxd4+ 33. Nf2 Rf4 $1 34.
Re1 Rh4 35. Kf1 Rh1+ 36. Rg1 Bxf2 37. Qxf2 Qh3+ 38. Qg2 Qd3+ $10) (26. Rde1
$142 Rxf3 $140 $6 27. gxf3 Qxh3+ 28. Rh2 Qxf3+ 29. Rg2 Nxd4 (29... Rh5+ 30. Bh2
Nxd4 31. Re8+ Kh7 32. Qd3+ $16) 30. Re8+ Kh7 31. Qd3+ $16) 26... Rxf3 $1 $19 {
Johnson: and when the combination comes, ironically it starts on the f-file!}
27. Re8+ (27. gxf3 Qxh3+ 28. Rh2 Qxf3+ 29. Rg2 Qxg2#) (27. Rf2 Nxd4 $1 28. gxf3
(28. Rxd4 Rxh3+ 29. gxh3 Bxd4 30. Rf8+ Kh7 $19) 28... Nxf3 29. Qe6 Bxf2 30.
Bxf2 Ne5 $19) 27... Kh7 28. Qe6 Rxh3+ (28... Rxh3+ {Johnson} 29. gxh3 (29. Qxh3
{Johnson:leaves Black with a choice of either of the White rooks emerging 2
pawns ahead}) 29... Qf3+) 0-1

[Event "Santa Clara"]
[Site "Santa Clara"]
[Date "1991.??.??"]
[Round "10"]
[White "Magem Badals, Jordi"]
[Black "Estevez Morales, Guillermo"]
[Result "1-0"]
[WhiteElo "2490"]
[BlackElo "2350"]
[Annotator "Blatny,P"]
[PlyCount "63"]
[EventDate "1991.02.??"]
[EventType "tourn"]
[EventRounds "13"]
[EventCountry "CUB"]
[EventCategory "9"]
[SourceTitle "CBM 026"]
[Source "ChessBase"]
[SourceDate "1992.02.01"]
[SourceVersion "1"]
[SourceVersionDate "1992.02.01"]
[SourceQuality "1"]

1. e4 Nc6 2. Nf3 d6 3. d4 Nf6 4. Nc3 Bg4 5. Be3 (5. Be2 {/\6.h3,0-0}) 5... e6
6. h3 Bh5 7. d5 (7. g4 Bg6 8. Nd2 {/\Be2,Bg2} e5 {><d4}) 7... exd5 8. exd5 Nb8
(8... Bxf3 9. Qxf3 {/\ 0-0-0; 5.Be2 /\ 0-0 --> Luther-Rossi, CBM26} Ne5 10. Qe2
$14 {/\ 0-0-0,g4,Bg2 ->>>}) 9. Be2 Bxf3 10. Bxf3 {^^} Nbd7 11. g4 Ne5 12. Be2
a6 (12... Qd7 13. g5 Ng8 14. f4 Ng6 15. Bg4 $40) 13. g5 Ng8 (13... Nfd7 14. f4
Ng6 15. h4 $40) 14. f4 $16 {()} Nd7 15. h4 {/\15...h6 16.Kf2} Ne7 {/\Nf5,Pg6}
16. Bg4 {/^h3-c8,ע} h6 17. Kf2 $1 {<-> e,h} hxg5 18. hxg5 Rxh1 19. Qxh1 c5 {
/\20...Qc7 21...0-0-0} 20. dxc6 bxc6 21. Na4 {/\22.Bxd7 Qxd7 23.Nb6+-} f5 22.
Bf3 Qc7 23. Rd1 g6 (23... O-O-O 24. Qf1 {/\Rd3-b3}) 24. Qf1 a5 (24... Kf7 25.
Qc4+ d5 26. Bxd5+ Nxd5 27. Rxd5 $18) 25. Qd3 d5 26. c4 $1 Rc8 27. Kg3 (27. cxd5
$5 Nxd5 (27... cxd5 28. Bxd5 Qc2+ 29. Qxc2 Rxc2+ 30. Kf3 $18 {_|_}) 28. Bxd5
cxd5 29. Qxd5 Qc2+ 30. Kg3 Qxa4 31. Qe6+ Be7 (31... Kd8 32. Bb6+ Rc7 33. b3 $1
Qb5 $8 34. a4 $3 $18) 32. Qxg6+ Kf8 (32... Kd8 $2 33. Bb6+ Rc7 34. Qg8+ Bf8 35.
Qxf8#) 33. Qxf5+ Ke8 34. Qg6+ Kf8 35. Rd5 $1 {/\Rf5+-} Bb4 $8 36. Qe6 $1 $18)
27... Rd8 28. cxd5 Nxd5 29. Bxd5 cxd5 30. Qxd5 Be7 (30... Rc8 31. Qe6+ Be7 (
31... Kd8 32. Bb6 $18) 32. Qxg6+ Kf8 33. Rh1 $18) 31. Bb6 Nxb6 32. Qg8+ (32.
Qg8+ Bf8 33. Re1+ Kd7 34. Qe6#) 1-0